[Event "Auckland Summer Cup-C1"]
[Site "Auckland"]
[Date "2017.02.27"]
[Round "3"]
[White "Song, Kate"]
[Black "Kozakevych, Sergiy"]
[Result "1-0"]
[WhiteElo "1680"]
[BlackElo "1691"]
[PlyCount "86"]
[EventDate "2017.02.13"]
[EventType "tourn"]
[EventRounds "7"]
[EventCountry "NZL"]
[SourceTitle "EXT 2018"]
[Source "ChessBase"]
[SourceDate "2017.10.13"]
[SourceVersion "1"]
[SourceVersionDate "2017.10.13"]
[SourceQuality "1"]

1. e4 c5 2. Nf3 d6 3. d4 cxd4 4. Nxd4 Nf6 5. Nc3 a6 6. Be2 e5 7. Nf3 Be7 8. 0-0 0-0 9. Be3 Be6 10. h3 Nbd7 11. Ng5 Qc7 12. Nxe6 fxe6 13. Bf3 Rac8 14. Rc1 Nc5 15. Re1 Rfd8 16. Qd2 Qc6 17. Bg5 Qd7 18. b4 Na4 19. Nxa4 Qxa4 20. c4 Qe8 21. a3 Nd7 22. Be3 Nf6 23. Qa2 Qf7 24. Rcd1 Re8 25. Rc1 Rf8 26. Bd2 Rcd8 27. Bc3 Rc8 28. a4 Rc7 29. Qb3 Rfc8 30. Bb2 Rf8 31. b5 a5 32. Ba3 b6 33. Rcd1 Rd8 34. Re2 Rdc8 35. Rc2 d5 36. exd5 Bxa3 37. Qxa3 exd5 38. Bxd5 Qxd5 39. cxd5 Rxc2 40. Qd6 e4 41. Qxb6 Rc1 42. Kh2 R1c2 43. Qe6+ Kh8 1-0

[Event "Olympiad Women-42"]
[Site "Baku"]
[Date "2016.09.12"]
[Round "10.3"]
[White "Gonchar, Svitlana"]
[Black "Song, Kate"]
[Result "1-0"]
[WhiteElo "1807"]
[BlackElo "1681"]
[PlyCount "135"]
[EventDate "2016.09.02"]
[EventType "team-swiss"]
[EventRounds "11"]
[EventCountry "AZE"]
[SourceTitle "CBM 174 Extra"]
[Source "ChessBase"]
[SourceDate "2016.10.10"]
[SourceVersion "1"]
[SourceVersionDate "2016.10.10"]
[SourceQuality "1"]
[WhiteTeam "ICCD (W)"]
[BlackTeam "New Zealand (W)"]
[BlackTeamCountry "NZL"]

1. d4 d5 2. c4 e6 3. Nc3 Nf6 4. Bg5 Be7 5. e3 0-0 6. Nf3 b6 7. cxd5 exd5 8. Be2 Bb7 9. 0-0 Nbd7 10. Rc1 c5 11. b3 Rc8 12. Qd3 Ne4 13. Bxe7 Qxe7 14. dxc5 Nxc3 15. Qxc3 bxc5 16. Bb5 a6 17. Bxd7 Qxd7 18. Rfd1 Qe7 19. Qd3 Rfd8 20. h3 h6 21. Qf5 g6 22. Qf4 Kg7 23. Rd2 Rc7 24. Rdc2 Rdc8 25. h4 Qf6 26. Qe5 Qxe5 27. Nxe5 a5 28. f3 h5 29. Kf2 Ba6 30. Rc3 f6 31. Nd3 c4 32. bxc4 Rxc4 33. Rxc4 Rxc4 34. g3 Kf7 35. Ke1 Rxc1+ 36. Nxc1 Bc4 37. Kd2 Ke6 38. a3 f5 39. Nd3 Kf6 40. Nc5 Ke5 41. Kc3 Be2 42. f4+ Kd6 43. Nb7+ Kc6 44. Nxa5+ Kc5 45. Nb3+ Kd6 46. Kd4 Bb5 47. Nc5 Bc6 48. a4 Ba8 49. Nd3 Bc6 50. a5 Bb5 51. Nb4 Bc4 52. a6 Bxa6 53. Nxa6 Ke6 54. Nb4 Kd6 55. Nxd5 Ke6 56. Kc5 Kd7 57. Nb6+ Ke6 58. Nc4 Ke7 59. Ne5 Kf6 60. Kd6 Kg7 61. Ke6 Kh7 62. Kf6 Kh6 63. Nxg6 Kh7 64. Kxf5 Kh6 65. e4 Kh7 66. e5 Kg7 67. e6 Kg8 68. Kf6 1-0

[Event "Olympiad Women-42"]
[Site "Baku"]
[Date "2016.09.10"]
[Round "8.3"]
[White "Song, Kate"]
[Black "Thapelo, Francis"]
[Result "1/2-1/2"]
[WhiteElo "1681"]
[BlackElo "1700"]
[PlyCount "102"]
[EventDate "2016.09.02"]
[EventType "team-swiss"]
[EventRounds "11"]
[EventCountry "AZE"]
[SourceTitle "CBM 174 Extra"]
[Source "ChessBase"]
[SourceDate "2016.10.10"]
[SourceVersion "1"]
[SourceVersionDate "2016.10.10"]
[SourceQuality "1"]
[WhiteTeam "New Zealand (W)"]
[BlackTeam "Botswana (W)"]
[WhiteTeamCountry "NZL"]
[BlackTeamCountry "BOT"]

1. e4 e5 2. Nf3 Nc6 3. Bb5 a6 4. Ba4 b5 5. Bb3 Be7 6. 0-0 d6 7. c3 Nf6 8. Re1 Bg4 9. h3 Bh5 10. d3 0-0 11. Nbd2 Na5 12. Bc2 c5 13. Nf1 Qc7 14. Ng3 Bg6 15. d4 h6 16. Nf5 Bxf5 17. exf5 exd4 18. cxd4 c4 19. Bf4 Rfe8 20. Qd2 Bf8 21. Rad1 Rxe1+ 22. Rxe1 Rd8 23. Nh2 Nc6 24. Ng4 Nxg4 25. hxg4 Qa5 26. Qxa5 Nxa5 27. d5 Nb7 28. Re3 Nc5 29. g5 hxg5 30. Bxg5 f6 31. Bh4 Rd7 32. Bg3 Re7 33. Kf1 Rxe3 34. fxe3 b4 35. b3 cxb3 36. axb3 a5 37. Ke2 a4 38. bxa4 b3 39. Bb1 Nxa4 40. Kd3 Kf7 41. e4 Nb2+ 42. Kc3 Nd1+ 43. Kd2 Nb2 44. Bf4 Na4 45. Kd3 g6 46. g4 g5 47. Bh2 Ke7 48. Bg1 Kd7 49. Kc4 Nc5 50. Bd4 Be7 51. Bd3 Kc7 1/2-1/2

[Event "George Trundle Reserves"]
[Site "Auckland"]
[Date "2016.07.10"]
[Round "2"]
[White "Song, Kate"]
[Black "Mukkattu, Philip"]
[Result "1/2-1/2"]
[WhiteElo "1695"]
[BlackElo "1658"]
[PlyCount "133"]
[EventDate "2016.07.09"]
[EventType "tourn"]
[EventRounds "9"]
[EventCountry "NZL"]
[SourceTitle "EXT 2018"]
[Source "ChessBase"]
[SourceDate "2017.10.13"]
[SourceVersion "1"]
[SourceVersionDate "2017.10.13"]
[SourceQuality "1"]

1. e4 c6 2. d4 d5 3. e5 Bf5 4. Nf3 e6 5. Be2 c5 6. c3 cxd4 7. cxd4 Bxb1 8. Rxb1 Nc6 9. 0-0 Nge7 10. a3 g6 11. Bg5 Bg7 12. b4 0-0 13. Qd2 Rc8 14. Bd3 Qd7 15. b5 Nb8 16. Rfc1 Rxc1+ 17. Rxc1 Nc8 18. Qa5 b6 19. Qd2 f6 20. exf6 Bxf6 21. Bf4 Nd6 22. Ne5 Bxe5 23. Bxe5 Nc4 24. Bxc4 dxc4 25. a4 Rc8 26. Qf4 Rf8 27. Qg3 Qc8 28. Bxb8 Qxb8 29. Qxb8 Rxb8 30. Rxc4 Rd8 31. f3 Rd7 32. Kf2 Kf7 33. Ke3 Kf6 34. Ke4 Kf7 35. Rc6 Kf6 36. h4 h5 37. g4 hxg4 38. fxg4 Kf7 39. Rc8 Ke7 40. Rh8 Kf6 41. g5+ Kg7 42. Rc8 Kf7 43. Rc3 Ke7 44. Rf3 Kd6 45. Rf6 Rh7 46. Rxg6 Rxh4+ 47. Kd3 Kd5 48. Kc3 Rxd4 49. Kb3 e5 50. Rg8 e4 51. g6 Rd3+ 52. Kc2 Rg3 53. g7 Ke6 54. Re8+ Kf7 55. Rxe4 Rxg7 56. Kc3 Kf6 57. Kb4 Kf5 58. Re3 Rg4+ 59. Kb3 Kf6 60. Rc3 Rg7 61. Rc4 Ke5 62. Kb4 Kd5 63. Rh4 Re7 64. Rh1 Re4+ 65. Kb3 Re3+ 66. Kb4 Re4+ 67. Kb3 1/2-1/2

[Event "George Trundle Reserves"]
[Site "Auckland"]
[Date "2016.07.09"]
[Round "1"]
[White "Punsalan, Vyanla M"]
[Black "Song, Kate"]
[Result "1-0"]
[WhiteElo "1649"]
[BlackElo "1695"]
[PlyCount "151"]
[EventDate "2016.07.09"]
[EventType "tourn"]
[EventRounds "9"]
[EventCountry "NZL"]
[SourceTitle "EXT 2018"]
[Source "ChessBase"]
[SourceDate "2017.10.13"]
[SourceVersion "1"]
[SourceVersionDate "2017.10.13"]
[SourceQuality "1"]

1. e4 e6 2. c3 d5 3. exd5 exd5 4. Nf3 Nf6 5. d4 c5 6. Be2 Be7 7. 0-0 0-0 8. Bg5 h6 9. Bh4 Nc6 10. Ne5 Be6 11. Bg3 Qb6 12. Nxc6 bxc6 13. dxc5 Qxb2 14. Nd2 Qxc3 15. Nb3 Ne4 16. Rc1 Qf6 17. Bf3 Nxg3 18. fxg3 Qg6 19. Nd4 Bd7 20. Kh1 Rab8 21. Nb3 Qh7 22. Rc2 Bf5 23. Rcf2 Bd3 24. Be2 Bxe2 25. Rxe2 Bf6 26. Nd4 Bxd4 27. Qxd4 Rb1 28. Ree1 Rxe1 29. Rxe1 Qf5 30. h3 Qd7 31. Qe5 d4 32. Rd1 d3 33. Qd6 Qxd6 34. cxd6 Rd8 35. Rxd3 f6 36. d7 Kf7 37. Rd6 Ke7 38. Rxc6 Kxd7 39. Ra6 Ra8 40. Kg1 Kc7 41. Re6 Rg8 42. Kf2 a5 43. Ra6 Rb8 44. Rxa5 Rb2+ 45. Kf3 Kb6 46. Ra8 Kc5 47. Rg8 Rb7 48. Kg4 Kd6 49. Kf5 Ra7 50. a3 Ra5+ 51. Kg6 Rg5+ 52. Kf7 Rxg3 53. Rxg7 Rxa3 54. Kxf6 Ra8 55. Kg6 Rh8 56. Kh5 Ke6 57. Rg6+ Kf7 58. Rxh6 Rg8 59. g4 Rg7 60. g5 Rg8 61. Rh7+ Ke6 62. Kh6 Kf5 63. h4 Ke6 64. h5 Kf5 65. Rf7+ Kg4 66. g6 Rh8+ 67. Rh7 Rf8 68. Kg7 Rf5 69. Kg8 Ra5 70. g7 Ra8+ 71. Kf7 Kf5 72. g8Q Ra7+ 73. Kf8 Ra8+ 74. Kg7 Rxg8+ 75. Kxg8 Kf6 76. Rg7 1-0